000
00277nam a2200109Ia 4500
008
230907s9999||||xx |||||||||||||| ||und||
082
_a
658.404
_b
EXP
245
0
_a
Experiencing project management :
260
_a
Publicis,
_b
Erlangen :
_c
2010
300
_a
231 p. :
942
_c
BK
999
_c
599047
_d
599047